Kandydaci na prezydenta Polski w 2015 roku - Statystyki

Ogólne statystyki
  • Ten quiz został rozwiązany 39 razy
  • Średni wynik to 6 z 11
Statystyki odpowiedzi
Przynależność partyjna Wynik w 1. turze Kandydat % Poprawnych
PiS 34,76% Andrzej Duda
97%
Bezpartyjny 33,77% Bronisław Komorowski
91%
Bezpartyjny 20,80% Paweł Kukiz
80%
KNP 3,26% Janusz Korwin-Mikke
77%
Bezpartyjna 2,38% Magdalena Ogórek
69%
Bezpartyjny 0,83% Grzegorz Braun
54%
Twój Ruch 1,42% Janusz Palikot
46%
Demokracja Bezpośrednia 0,20% Paweł Tanajno
40%
Ruch Narodowy 0,52% Marian Kowalski
29%
PSL 1,60% Adam Jarubas
23%
KNP 0,46% Jacek Wilk
20%
Nie znaleziono quizów pasujących do podanych kryteriów
Rozkład punktacji
Procent ludzi z każdym wynikiem
Percentyl według liczby udzielonych odpowiedzi
Twoja historia wyników
Nie rozwiązałeś tego quizu